00856nam a2200193 a 450000100100000000500170001000800410002702000180006804000250008610000310011124500520014226000360019430000210023050000580025195201200030995201050042995201110053499900170064500004540720201002052233.0150306s2015 dr 000 0 spa d a9789945082302 aDO-SdBNPbspacBNPHU1 aLara, Evelyn Zoraya97341810aDesafío de ser padres. /cEvelyn Zoraya Lara. aSanto Domingo :bBúho,c2015. a231 p. ;c22 cm. aIncluye datos biografícos de la autora en la solapa 001154708DSaGRbGRcMId2015-03-06iLF1l0o p45407-30r2020-06-25te. 3w2020-06-25yLFDSZPréstamo en sala 0010718PDaPDbPDcHDd2015-03-06iLF1l0o p45407-10r2020-06-25w2020-06-25yLFPDZNo se presta 0010718PDaPDbPDcHDd2015-03-06iLF1l0o p45407-20r2020-06-25te. 2w2020-06-25yLFPDZNo se presta c44896d44896